For Example (e.g) Quiz Stats

 Plays Quiz Updated Aug 13, 2019

Score 0/20 Timer 04:00
2 Plays Today
Hint e.g. % Correct
George Harrison's instrumentelectric guitar
79.2%
Color of the Wizard of Oz's castleemerald green
77.6%
Tea blend flavored with bergamotEarl Grey
72.8%
Long dress for formal occasionsevening gown
72.3%
European country from 1949 to 1990East Germany
65.2%
American bomber used to drop Little BoyEnola Gay
63.3%
Supervillain or criminal mastermindevil genius
55.5%
More than just a shot in the darkeducated guess
51.7%
Country whose motto is 'Unidad, Paz, Justicia'Equatorial Guinea
46.1%
Orson Scott Card sci-fi novelEnder's Game
38.7%
Hint e.g. % Correct
Painter named Doménikos TheotokópoulosEl Greco
34.7%
One of the Golden Girls actressesEstelle Getty
33.3%
Arts and crafts item with an orange topElmer's glue
31.7%
Hard manual work, idiomaticallyelbow grease
30.7%
Singer of 'Love Me Like You Do'Ellie Goulding
28.3%
Racial, religious, or cultural cohortethnic group
21.4%
Actor in M*A*S*H and The Long GoodbyeElliott Gould
20.2%
Device that projects subatomic particleselectron gun
17.5%
2018 film directed by Bo BurnhamEighth Grade
15.7%
Developer of Fortnite and Gears of WarEpic Games
15.1%

You're not logged in!

Compare scores with friends on all Sporcle quizzes.
OR
Log In

Sporcle TV

Today on Sporcle TV


Watch our educational content, quiz creation guides, and fun videos on Sporcle TV.

Show Comments

Extras

Top Quizzes Today


Score Distribution

Your Account Isn't Verified!

In order to create a playlist on Sporcle, you need to verify the email address you used during registration. Go to your Sporcle Settings to finish the process.

Report this User

Report this user for behavior that violates our Community Guidelines.

Details: